[Event "Las Vegas Millionaire op"]
[Site "Las Vegas"]
[Date "2014.10.09"]
[Round "1"]
[White "Krush, Irina"]
[Black "Braunlich, Tom"]
[Result "1-0"]
[WhiteElo "2457"]
[BlackElo "2145"]
[PlyCount "57"]
[EventDate "2014.10.09"]
[EventType "swiss"]
[EventRounds "9"]
[EventCountry "USA"]
[SourceTitle "CBM 162 Extra"]
[Source "ChessBase"]
[SourceDate "2014.10.17"]
[SourceVersion "1"]
[SourceVersionDate "2014.10.17"]
[SourceQuality "1"]

1. d4 Nf6 2. c4 c5 3. d5 b5 4. cxb5 a6 5. bxa6 g6 6. Nc3 Bxa6 7. e4 Bxf1 8. Kxf1 d6 9. g3 Bg7 10. Kg2 0-0 11. Nf3 Nbd7 12. h3 Qa5 13. Re1 Rfd8 14. a4 Ne8 15. Bd2 Nc7 16. Qc2 Na6 17. Nb5 Nb4 18. Qb3 Rdb8 19. Ra3 Rb7 20. Rea1 Rab8 21. Ne1 f5 22. exf5 gxf5 23. Nd3 Ne5 24. Bxb4 Rxb5 25. axb5 Qxb5 26. Nxe5 Bxe5 27. Ra8 cxb4 28. Rxb8+ Qxb8 29. Ra4 1-0

[Event "GER-ch Seniors"]
[Site "Dresden"]
[Date "2012.08.11"]
[Round "3"]
[White "Werner, Clemens"]
[Black "Braunlich, Tom"]
[Result "1/2-1/2"]
[WhiteElo "2319"]
[BlackElo "2204"]
[PlyCount "36"]
[EventDate "2012.08.09"]
[EventType "swiss"]
[EventRounds "9"]
[EventCountry "GER"]
[SourceTitle "EXT 2014"]
[Source "ChessBase"]
[SourceDate "2013.11.20"]
[SourceVersion "1"]
[SourceVersionDate "2013.11.20"]
[SourceQuality "1"]

1. e4 e5 2. Nf3 Nf6 3. Bc4 Nc6 4. Ng5 d5 5. exd5 Na5 6. Bb5+ c6 7. dxc6 bxc6 8. Be2 h6 9. Nf3 e4 10. Ne5 Bc5 11. c3 Bd6 12. d4 exd3 13. Nxd3 0-0 14. 0-0 Qc7 15. g3 Bh3 16. Re1 Rad8 17. Qa4 Rfe8 18. Nd2 Bf8 1/2-1/2

[Event "Stillwater Thanksgiving op 3rd"]
[Site "Stillwater"]
[Date "2011.11.27"]
[Round "8"]
[White "Braunlich, Tom"]
[Black "Hatcher, Wayne"]
[Result "1-0"]
[WhiteElo "2191"]
[BlackElo "1932"]
[PlyCount "75"]
[EventDate "2011.11.25"]
[EventType "swiss"]
[EventRounds "8"]
[EventCountry "USA"]
[SourceTitle "CBM 145 Extra"]
[Source "ChessBase"]
[SourceDate "2012.01.03"]
[SourceVersion "1"]
[SourceVersionDate "2012.01.03"]
[SourceQuality "1"]

1. d4 d5 2. Nf3 Nf6 3. e3 c6 4. c4 a6 5. Nc3 e6 6. Bd3 dxc4 7. Bxc4 b5 8. Bd3 Bb7 9. Qe2 Nbd7 10. e4 b4 11. Na4 Be7 12. 0-0 c5 13. dxc5 Nxc5 14. Nxc5 Bxc5 15. Bb5+ Kf8 16. Bd3 Qb6 17. h3 Rd8 18. Ne5 a5 19. Nc4 Qc7 20. Kh1 h5 21. Bg5 Rxd3 22. Bxf6 Rd7 23. Be5 Qd8 24. Rad1 Bd4 25. Bxd4 Rxd4 26. Rxd4 Qxd4 27. Rd1 Qf6 28. Nxa5 Bc8 29. Qc4 g6 30. Qxc8+ Kg7 31. Qc2 Ra8 32. Nc4 Rxa2 33. Qb3 Ra7 34. Qe3 Rc7 35. b3 Qe7 36. Qd4+ Kh7 37. Qd6 Qxd6 38. Rxd6 1-0

[Event "Stillwater Thanksgiving op 3rd"]
[Site "Stillwater"]
[Date "2011.11.25"]
[Round "2"]
[White "Langer, Mikhail"]
[Black "Braunlich, Tom"]
[Result "1-0"]
[WhiteElo "2206"]
[BlackElo "2191"]
[PlyCount "43"]
[EventDate "2011.11.25"]
[EventType "swiss"]
[EventRounds "8"]
[EventCountry "USA"]
[SourceTitle "CBM 145 Extra"]
[Source "ChessBase"]
[SourceDate "2012.01.03"]
[SourceVersion "1"]
[SourceVersionDate "2012.01.03"]
[SourceQuality "1"]

1. e4 c5 2. Nf3 d6 3. d4 cxd4 4. Nxd4 Nf6 5. Nc3 a6 6. Bg5 e6 7. f4 Nc6 8. e5 h6 9. Bh4 Nxd4 10. Qxd4 dxe5 11. Qxd8+ Kxd8 12. fxe5 g5 13. 0-0-0+ Nd7 14. Bg3 Bg7 15. Be2 Ke7 16. Bh5 b5 17. Rhf1 Rf8 18. Ne4 Nxe5 19. Rfe1 f5 20. Nd6 f4 21. Bf2 Nf7 22. Bc5 1-0

[Event "Oklahoma City"]
[Site "Oklahoma"]
[Date "2011.11.13"]
[Round "4"]
[White "Braunlich, Tom"]
[Black "Patton, Thomas A"]
[Result "1-0"]
[WhiteElo "2191"]
[BlackElo "2070"]
[PlyCount "99"]
[EventDate "2011.11.12"]
[EventType "tourn"]
[EventRounds "5"]
[EventCountry "USA"]
[SourceTitle "EXT 2012"]
[Source "ChessBase"]
[SourceDate "2011.11.24"]
[SourceVersion "1"]
[SourceVersionDate "2011.11.24"]
[SourceQuality "1"]

1. d4 Nf6 2. Nf3 g6 3. c4 Bg7 4. Nc3 d5 5. cxd5 Nxd5 6. e4 Nxc3 7. bxc3 0-0 8. Be3 c5 9. Qd2 Nc6 10. d5 Qa5 11. Rc1 Rd8 12. Bd3 Bg4 13. 0-0 Bxf3 14. gxf3 Ne5 15. Be2 Rac8 16. f4 Nd7 17. c4 Qa6 18. Bg4 e6 19. e5 Nb6 20. Qc2 exd5 21. Bxc8 Rxc8 22. cxd5 Nxd5 23. Qe4 Nxe3 24. fxe3 b5 25. Rfd1 Bf8 26. a4 b4 27. Qc4 Qxc4 28. Rxc4 Rc6 29. Kf2 a5 30. Ke2 Rc8 31. Kd3 Rd8+ 32. Ke2 Rb8 33. Rb1 f6 34. exf6 Kf7 35. e4 Kxf6 36. Kd3 g5 37. fxg5+ Kxg5 38. Rf1 Rd8+ 39. Kc2 Kg6 40. e5 Be7 41. Rg4+ Kh5 42. Rg7 Bg5 43. Rxh7+ Kg6 44. Rc7 Rd2+ 45. Kb1 Rd5 46. Re1 Kf5 47. e6 Rd3 48. Rxc5+ Kg4 49. Rxg5+ Kxg5 50. e7 1-0

[Event "Oklahoma City"]
[Site "Oklahoma"]
[Date "2011.11.13"]
[Round "5"]
[White "Veal, Joe Dean"]
[Black "Braunlich, Tom"]
[Result "1/2-1/2"]
[WhiteElo "1958"]
[BlackElo "2191"]
[PlyCount "151"]
[EventDate "2011.11.12"]
[EventType "tourn"]
[EventRounds "5"]
[EventCountry "USA"]
[SourceTitle "EXT 2012"]
[Source "ChessBase"]
[SourceDate "2011.11.24"]
[SourceVersion "1"]
[SourceVersionDate "2011.11.24"]
[SourceQuality "1"]

1. e4 c5 2. Nf3 d6 3. d4 cxd4 4. Nxd4 Nf6 5. Nc3 a6 6. Bg5 e6 7. f4 Nc6 8. Qd2 Qb6 9. Bxf6 gxf6 10. Nb3 Bd7 11. 0-0-0 0-0-0 12. f5 Ne5 13. Nd4 h5 14. Kb1 Bh6 15. Qe1 Ng4 16. Be2 Be3 17. Bxg4 Bxd4 18. fxe6 fxe6 19. Bf3 Kb8 20. Qd2 Be5 21. b3 Rc8 22. Ne2 Rc4 23. c3 Rhc8 24. Rc1 h4 25. h3 Be8 26. Rhd1 Bg6 27. Nd4 Bxd4 28. cxd4 Rxc1+ 29. Rxc1 Rxc1+ 30. Kxc1 Qc6+ 31. Qc2 d5 32. Qxc6 bxc6 33. exd5 cxd5 34. Kd2 Kc7 35. b4 Kc6 36. a4 e5 37. Ke3 Bc2 38. b5+ axb5 39. axb5+ Kd6 40. Be2 Kc7 41. Bf3 Bb3 42. Be2 Kb6 43. dxe5 fxe5 44. Kf3 Bc4 45. Bd1 Bxb5 46. Kg4 Bf1 47. Kxh4 Bxg2 48. Kg3 Be4 49. h4 Kc5 50. h5 Kd6 51. Kg4 Ke7 52. Kg5 d4 53. Bb3 d3 54. h6 Bh7 55. Kg4 Kf6 56. Kf3 Kg5 57. Ke3 Kxh6 58. Bc4 Kg5 59. Ba6 e4 60. Bb7 Kf6 61. Bc6 Ke5 62. Bb7 Kd6 63. Bc8 Bg6 64. Bg4 Kd5 65. Bd1 Kc4 66. Ba4 Kc3 67. Bd1 Bf5 68. Ba4 Kb2 69. Kd2 Bg4 70. Bc6 Bf3 71. Bb5 Be2 72. Bc6 Bf3 73. Bb5 Be2 74. Bc6 e3+ 75. Kxe3 Kc1 76. Bb5 1/2-1/2

[Event "Tulsa Okie op"]
[Site "Tulsa"]
[Date "2011.09.04"]
[Round "3"]
[White "Braunlich, Tom"]
[Black "Lin, Kenny L"]
[Result "1-0"]
[WhiteElo "2203"]
[BlackElo "1896"]
[PlyCount "41"]
[EventDate "2011.09.03"]
[EventType "swiss"]
[EventRounds "7"]
[EventCountry "USA"]
[SourceTitle "CBM 144 Extra"]
[Source "ChessBase"]
[SourceDate "2011.10.28"]
[SourceVersion "1"]
[SourceVersionDate "2011.10.28"]
[SourceQuality "1"]

1. d4 d5 2. Nf3 Nf6 3. e3 e6 4. Bd3 c5 5. b3 Be7 6. 0-0 0-0 7. Bb2 b6 8. Nbd2 Bb7 9. Ne5 Nbd7 10. Qf3 Rb8 11. Qh3 Ne4 12. Rad1 Ng5 13. Qg3 Nxe5 14. dxe5 h6 15. f4 Nh7 16. f5 exf5 17. Bxf5 Kh8 18. Ne4 Ng5 19. Nd6 Ne6 20. Bxe6 Bxd6 21. exd6 1-0

[Event "Tulsa Okie op"]
[Site "Tulsa"]
[Date "2011.09.04"]
[Round "4"]
[White "Long, James1111"]
[Black "Braunlich, Tom"]
[Result "1/2-1/2"]
[WhiteElo "2017"]
[BlackElo "2203"]
[PlyCount "102"]
[EventDate "2011.09.03"]
[EventType "swiss"]
[EventRounds "7"]
[EventCountry "USA"]
[SourceTitle "CBM 144 Extra"]
[Source "ChessBase"]
[SourceDate "2011.10.28"]
[SourceVersion "1"]
[SourceVersionDate "2011.10.28"]
[SourceQuality "1"]

1. e4 c5 2. Nf3 d6 3. d3 Nc6 4. g3 g6 5. Bg2 Bg7 6. Nbd2 e5 7. Nc4 Nge7 8. 0-0 0-0 9. a4 h6 10. c3 Be6 11. Bd2 d5 12. Ne3 a6 13. exd5 Nxd5 14. Nxd5 Bxd5 15. Be3 b6 16. c4 Be6 17. Ng5 hxg5 18. Bxc6 Rc8 19. Bb7 Rc7 20. Bxa6 Qa8 21. Bb5 Bh3 22. f3 Bxf1 23. Qxf1 g4 24. fxg4 e4 25. Rb1 Re7 26. dxe4 Qxe4 27. Bf2 Bd4 28. Bxd4 cxd4 29. Rd1 f5 30. Qf4 Qe3+ 31. Qxe3 dxe3 32. b4 fxg4 33. c5 bxc5 34. bxc5 Rc8 35. c6 Kg7 36. Kf1 e2+ 37. Bxe2 Rxc6 38. Bxg4 Rc4 39. Rd7 Rxd7 40. Bxd7 Rc2 41. Kg1 Ra2 42. h4 Kf6 43. g4 Ke5 44. h5 gxh5 45. gxh5 Kf6 46. Kf1 Kg5 47. Be8 Rd2 48. Ke1 Rd8 49. Bg6 Ra8 50. Bc2 Kxh5 51. Kd2 Kg5 1/2-1/2

[Event "North American op 30th"]
[Site "Stillwater"]
[Date "2011.05.29"]
[Round "7"]
[White "Yermolinsky, Alex"]
[Black "Braunlich, Tom"]
[Result "1-0"]
[WhiteElo "2530"]
[BlackElo "2220"]
[PlyCount "59"]
[EventDate "2011.05.27"]
[EventType "swiss"]
[EventRounds "11"]
[EventCountry "USA"]
[SourceTitle "CBM 142 Extra"]
[Source "ChessBase"]
[SourceDate "2011.06.27"]
[SourceVersion "1"]
[SourceVersionDate "2011.06.27"]
[SourceQuality "1"]

1. d4 Nf6 2. c4 g6 3. Nc3 Bg7 4. e4 d6 5. Bg5 0-0 6. h3 Na6 7. Bd3 e5 8. d5 Qe8 9. Nge2 Nd7 10. a3 f5 11. b4 Nf6 12. Qd2 Nh5 13. Rc1 f4 14. f3 Bf6 15. Bxf6 Rxf6 16. c5 dxc5 17. Bxa6 Rxa6 18. bxc5 Rxa3 19. 0-0 b6 20. d6 c6 21. Rfd1 Bd7 22. Nd5 cxd5 23. Qxd5+ Be6 24. Qxe5 bxc5 25. Rxc5 Rc8 26. Rc7 Ra6 27. Re7 Qxe7 28. dxe7 Rac6 29. Nxf4 Nxf4 30. Rd8+ 1-0

[Event "Stillwater Thanksgiving op 2nd"]
[Site "Stillwater"]
[Date "2010.11.20"]
[Round "1"]
[White "Kline, Les"]
[Black "Braunlich, Tom"]
[Result "0-1"]
[WhiteElo "1869"]
[BlackElo "2211"]
[PlyCount "76"]
[EventDate "2010.11.20"]
[EventType "swiss"]
[EventRounds "5"]
[EventCountry "USA"]
[SourceTitle "CBM 139 Extra"]
[Source "ChessBase"]
[SourceDate "2011.01.05"]
[SourceVersion "1"]
[SourceVersionDate "2011.01.05"]
[SourceQuality "1"]

1. d4 d5 2. Nf3 e6 3. e3 c5 4. c4 Nf6 5. cxd5 exd5 6. Nc3 Nc6 7. Bd3 Be7 8. dxc5 Bxc5 9. 0-0 0-0 10. a3 a6 11. Qc2 Bg4 12. Nd2 Rc8 13. Nb3 Ba7 14. Bd2 Re8 15. Rac1 Qd6 16. Bf5 Bb8 17. g3 Ne5 18. Bxg4 Nfxg4 19. Nd4 Qh6 20. h4 Qd6 21. Rcd1 g6 22. Qb3 Nc4 23. Nce2 b5 24. Bb4 Qb6 25. Rd3 Nf6 26. Bc3 Ne4 27. Be1 Nc5 28. Qc3 Nxd3 29. Qxd3 Nxb2 30. Qb3 Nc4 31. Nc3 Qc5 32. a4 b4 33. Nce2 a5 34. Nb5 Nb6 35. Bd2 Qc2 36. Nbd4 Qxb3 37. Nxb3 Nxa4 38. Nxa5 Rc2 0-1

[Event "Red River Shootout 08th"]
[Site "Davis"]
[Date "2010.04.18"]
[Round "1"]
[White "Xiong, Jeffery"]
[Black "Braunlich, Tom"]
[Result "0-1"]
[WhiteElo "1780"]
[BlackElo "2176"]
[PlyCount "72"]
[EventDate "2010.04.18"]
[EventType "team-match"]
[EventRounds "2"]
[EventCountry "USA"]
[SourceTitle "CBM 136 Extra"]
[Source "ChessBase"]
[SourceDate "2010.07.02"]
[SourceVersion "2"]
[SourceVersionDate "2010.07.15"]
[SourceQuality "1"]

1. e4 c6 2. d4 d5 3. exd5 cxd5 4. c4 Nf6 5. Nc3 Nc6 6. Nf3 Bg4 7. cxd5 Nxd5 8. Qb3 Bxf3 9. gxf3 Nb6 10. Be3 e6 11. Bb5 Be7 12. 0-0 0-0 13. Rad1 Nb4 14. Kh1 N4d5 15. Rg1 Nxc3 16. bxc3 Qd5 17. Qxd5 exd5 18. Bf4 Rac8 19. Rc1 a6 20. Bd3 Na4 21. Bd2 b5 22. Rg3 g6 23. f4 Bd6 24. Rgg1 f5 25. Rge1 Kf7 26. Kg2 Ba3 27. Rc2 Rfe8 28. Rb1 Rc7 29. Rb3 Bf8 30. Kf1 Rec8 31. Be2 Bg7 32. Bf3 Ke6 33. Ke2 Bxd4 34. cxd4 Rxc2 35. Ke1 Nc3 36. a3 Ne4 0-1

[Event "North American op 27th"]
[Site "Stillwater"]
[Date "2009.05.23"]
[Round "2"]
[White "Crockett, James M"]
[Black "Braunlich, Tom"]
[Result "0-1"]
[WhiteElo "2032"]
[BlackElo "2173"]
[PlyCount "80"]
[EventDate "2009.05.23"]
[EventType "swiss"]
[EventRounds "7"]
[EventCountry "USA"]
[SourceTitle "CBM 130 Extra"]
[Source "ChessBase"]
[SourceDate "2009.07.02"]
[SourceVersion "2"]
[SourceVersionDate "2009.07.15"]
[SourceQuality "1"]

1. Nf3 d6 2. d4 Nf6 3. c4 g6 4. Nc3 Bg7 5. e4 0-0 6. Be2 e5 7. Be3 h6 8. d5 Ng4 9. Bc1 f5 10. Nd2 Qh4 11. g3 Qf6 12. 0-0 Qe7 13. b4 a5 14. bxa5 Rxa5 15. Nb3 Ra8 16. f3 Nf6 17. Be3 f4 18. Bf2 Bh3 19. Re1 fxg3 20. hxg3 Nh5 21. c5 Qg5 22. Qd2 Nxg3 23. Qxg5 Nxe2+ 24. Nxe2 hxg5 25. Kh2 Rxf3 26. cxd6 cxd6 27. Bb6 g4 28. Ng1 Rc3 29. Re3 Rxe3 30. Bxe3 Nd7 31. Nxh3 gxh3 32. Kxh3 Nf6 33. Nd2 Ra3 34. Nf1 Bh6 35. Re1 Nxe4 36. Kh4 Bxe3 37. Nxe3 Nf6 38. Kg5 Kg7 39. Re2 Ra4 40. Rb2 Nh7# 0-1

[Event "Bartlesville OCF 24th"]
[Site "Bartlesville"]
[Date "2009.03.14"]
[Round "2"]
[White "Berry, James E"]
[Black "Braunlich, Tom"]
[Result "0-1"]
[WhiteElo "2054"]
[BlackElo "2173"]
[PlyCount "94"]
[EventDate "2009.03.14"]
[EventType "swiss"]
[EventRounds "5"]
[EventCountry "USA"]
[SourceTitle "CBM 129 Extra"]
[Source "ChessBase"]
[SourceDate "2009.05.05"]
[SourceVersion "2"]
[SourceVersionDate "2009.05.20"]
[SourceQuality "1"]

1. e4 c6 2. d4 d5 3. Nc3 dxe4 4. Nxe4 Bf5 5. Ng3 Bg6 6. Nf3 Nd7 7. Bc4 e6 8. 0-0 Ngf6 9. Qe2 Nb6 10. Bb3 Bd6 11. Bg5 0-0 12. Rad1 a5 13. a3 a4 14. Ba2 Be7 15. c4 h6 16. Bc1 Re8 17. Ne5 Bh7 18. Rfe1 Bf8 19. Qf3 Nbd7 20. Nxf7 Kxf7 21. d5 Bc5 22. dxc6 bxc6 23. Qxc6 Re7 24. Be3 Qc8 25. Qf3 Rb8 26. Bb1 Bxb1 27. Rxb1 Bxe3 28. Qxe3 Qxc4 29. Nf5 exf5 30. Qxe7+ Kg8 31. Rbc1 Qf7 32. Qd6 Rxb2 33. Qd4 Qa2 34. h3 Qxa3 35. Re3 Qb4 36. Qd3 Qb5 37. Rf3 Qxd3 38. Rxd3 Nb6 39. Rf3 Nfd5 40. Rxf5 a3 41. Ra1 a2 42. Re5 Rb1+ 43. Re1 Nc3 44. Kf1 Nc4 45. Rc1 Rxc1+ 46. Rxc1 Nd2+ 47. Ke1 Ndb1 0-1

[Event "Bartlesville OCF 24th"]
[Site "Bartlesville"]
[Date "2009.03.14"]
[Round "1"]
[White "Braunlich, Tom"]
[Black "Lin, Kenny L"]
[Result "1-0"]
[WhiteElo "2173"]
[BlackElo "1892"]
[PlyCount "51"]
[EventDate "2009.03.14"]
[EventType "swiss"]
[EventRounds "5"]
[EventCountry "USA"]
[SourceTitle "CBM 129 Extra"]
[Source "ChessBase"]
[SourceDate "2009.05.05"]
[SourceVersion "2"]
[SourceVersionDate "2009.05.20"]
[SourceQuality "1"]

1. d4 d5 2. Nf3 Nf6 3. e3 e6 4. Bd3 Nbd7 5. b3 b6 6. 0-0 Bb7 7. Bb2 Be7 8. Ne5 0-0 9. Nd2 c5 10. f4 Ne4 11. Nxe4 dxe4 12. Bc4 Nf6 13. f5 Nd5 14. fxe6 Nxe3 15. exf7+ Kh8 16. Qh5 Qd6 17. dxc5 bxc5 18. Rad1 Nxd1 19. Rxd1 Qf6 20. Rd7 e3 21. Ng6+ Qxg6 22. Qxg6 hxg6 23. Rxe7 Rad8 24. Rxe3 Rd1+ 25. Kf2 Rd2+ 26. Ke1 1-0

[Event "Stillwater Winter op"]
[Site "Stillwater"]
[Date "2009.02.15"]
[Round "3"]
[White "Lin, Kenny L"]
[Black "Braunlich, Tom"]
[Result "0-1"]
[WhiteElo "1892"]
[BlackElo "2173"]
[PlyCount "78"]
[EventDate "2009.02.14"]
[EventType "swiss"]
[EventRounds "7"]
[EventCountry "USA"]
[SourceTitle "CBM 128 Extra"]
[Source "ChessBase"]
[SourceDate "2009.03.05"]
[SourceVersion "2"]
[SourceVersionDate "2009.03.25"]
[SourceQuality "1"]

1. e4 c6 2. d4 d5 3. e5 Na6 4. Nf3 g6 5. c4 Nc7 6. c5 h5 7. Bd3 Nh6 8. Na3 Ne6 9. Nc2 Ng7 10. Bxh6 Rxh6 11. Qd2 Rh8 12. Ng5 Be6 13. Nxe6 Nxe6 14. f4 Bh6 15. g3 Qd7 16. Qe2 Ng7 17. Ne3 Ne6 18. Nc2 b6 19. f5 gxf5 20. Bxf5 bxc5 21. dxc5 Qb7 22. Bxe6 fxe6 23. b4 Kd7 24. 0-0 Rag8 25. Kg2 h4 26. Rf3 Rg4 27. Rf6 Re4 28. Qh5 exf6 29. Qf7+ Kc8 30. Qxe6+ Qd7 31. Qxf6 Bg7 32. Qf1 hxg3 33. Kg1 Rxh2 34. Ne1 Bxe5 35. Nf3 Qh7 36. Qa6+ Kb8 37. Nxe5 Rh1+ 38. Kg2 Qh2+ 39. Kf3 Qf2# 0-1

[Event "Stillwater Winter op"]
[Site "Stillwater"]
[Date "2009.02.15"]
[Round "5"]
[White "Stepp, Robert V"]
[Black "Braunlich, Tom"]
[Result "1/2-1/2"]
[WhiteElo "1907"]
[BlackElo "2173"]
[PlyCount "114"]
[EventDate "2009.02.14"]
[EventType "swiss"]
[EventRounds "7"]
[EventCountry "USA"]
[SourceTitle "CBM 128 Extra"]
[Source "ChessBase"]
[SourceDate "2009.03.05"]
[SourceVersion "2"]
[SourceVersionDate "2009.03.25"]
[SourceQuality "1"]

1. e4 c6 2. c4 d5 3. cxd5 cxd5 4. exd5 Nf6 5. Nc3 g6 6. Bc4 Bg7 7. Nf3 0-0 8. 0-0 b6 9. Re1 Na6 10. Qe2 Nb4 11. d4 Bg4 12. Bb3 Nbxd5 13. h3 Bxf3 14. Qxf3 e6 15. Bg5 Nxc3 16. bxc3 h6 17. Bh4 g5 18. Bg3 Rc8 19. Be5 Nd5 20. c4 Nf4 21. g3 Bxe5 22. dxe5 Ng6 23. Rad1 Qe7 24. Qe4 Rc5 25. Qd4 Rfc8 26. Re4 Qc7 27. f4 gxf4 28. gxf4 Nh4 29. Kf2 Nf5 30. Rg1+ Kf8 31. Qd1 Qd8 32. Qg4 Qd2+ 33. Re2 Qd4+ 34. Kf3 Qd3+ 35. Kf2 Qd4+ 36. Kf3 Rxc4 37. Bxc4 Rxc4 38. Rge1 Rc3+ 39. Kg2 Ne3+ 40. Rxe3 Rxe3 41. Rd1 Rd3 42. Rxd3 Qxd3 43. Qh4 Qc2+ 44. Kf3 Qd3+ 45. Kg2 Qe2+ 46. Kg1 Qd1+ 47. Kg2 Qc2+ 48. Kf3 Qc3+ 49. Kf2 Qb2+ 50. Kf3 Qa3+ 51. Kg4 Qxa2 52. Qxh6+ Ke8 53. Qh8+ Kd7 54. Qf8 Qg2+ 55. Kh4 Qf2+ 56. Kg4 Qg2+ 57. Kh4 Qf2+ 1/2-1/2

[Event "Oklahoma State-ch"]
[Site "Stillwater"]
[Date "2008.11.09"]
[Round "4"]
[White "Braunlich, Tom"]
[Black "Holt, Conrad"]
[Result "1/2-1/2"]
[WhiteElo "2167"]
[BlackElo "2259"]
[PlyCount "167"]
[EventDate "2008.11.08"]
[EventType "swiss"]
[EventRounds "5"]
[EventCountry "USA"]
[SourceTitle "CBM 127 Extra"]
[Source "ChessBase"]
[SourceDate "2009.01.08"]
[SourceVersion "2"]
[SourceVersionDate "2009.01.28"]
[SourceQuality "1"]

1. d4 d5 2. Nf3 Nf6 3. e3 c5 4. b3 Nc6 5. Bd3 Bg4 6. Bb2 e6 7. Nbd2 cxd4 8. exd4 Bb4 9. c3 Bd6 10. h3 Bh5 11. 0-0 0-0 12. Be2 Qc7 13. c4 dxc4 14. bxc4 Be7 15. Rc1 Rfd8 16. Qb3 b6 17. Qe3 Rac8 18. Rfe1 h6 19. Ne5 Nxe5 20. Bxh5 Nxh5 21. Qxe5 Qxe5 22. Rxe5 Nf4 23. Re3 Bf6 24. Nf3 Rc7 25. Kh2 Ng6 26. g3 Ne7 27. Re2 Rdc8 28. Rec2 Nf5 29. Kg2 Ne7 30. a4 a6 31. Kf1 Nd5 32. Ba3 b5 33. axb5 axb5 34. Bc5 bxc4 35. Rxc4 Nb6 36. R4c3 Na4 37. Rc4 Bxd4 38. Nxd4 Rxc5 39. Rxc5 Rxc5 40. Rxc5 Nxc5 41. h4 Kf8 42. Ke2 Ke7 43. Ke3 Kd6 44. Nb5+ Kc6 45. Nc3 Kd6 46. Nb5+ Ke7 47. Kd4 Nb7 48. Ke5 Nd6 49. Nc3 f6+ 50. Kd4 h5 51. Ne2 Kf7 52. Nc3 Kg6 53. Nd1 Kh6 54. Ke3 Nf5+ 55. Kf3 Kg6 56. Nc3 Kf7 57. Kf4 Nd6 58. Ne2 e5+ 59. Kf3 Ke6 60. Nc3 g6 61. g4 e4+ 62. Kf4 hxg4 63. Kxg4 Ke5 64. Ne2 Nf5 65. h5 Nh6+ 66. Kh4 Nf5+ 67. Kg4 gxh5+ 68. Kxh5 Nd4 69. Ng1 Kf4 70. Kg6 Ke5 71. Kf7 Nf3 72. Ne2 f5 73. Kg6 f4 74. Kh5 Kf5 75. Nc3 Ne5 76. Kh4 Nd3 77. Nd1 Nxf2 78. Nxf2 e3 79. Kh3 Ke5 80. Kg2 Kd4 81. Kf3 Kc3 82. Nh3 Kd2 83. Nxf4 e2 84. Nxe2 1/2-1/2

[Event "Oklahoma State-ch"]
[Site "Stillwater"]
[Date "2008.11.08"]
[Round "1"]
[White "Braunlich, Tom"]
[Black "Kline, Les"]
[Result "1-0"]
[WhiteElo "2167"]
[BlackElo "1942"]
[PlyCount "67"]
[EventDate "2008.11.08"]
[EventType "swiss"]
[EventRounds "5"]
[EventCountry "USA"]
[SourceTitle "CBM 127 Extra"]
[Source "ChessBase"]
[SourceDate "2009.01.08"]
[SourceVersion "2"]
[SourceVersionDate "2009.01.28"]
[SourceQuality "1"]

1. d4 Nf6 2. Nf3 g6 3. c4 d5 4. cxd5 Nxd5 5. e4 Nb6 6. h3 Bg7 7. a4 0-0 8. a5 N6d7 9. Nc3 e6 10. Bg5 f6 11. Be3 Qe7 12. Bc4 Kh8 13. Qb3 Re8 14. 0-0 b6 15. d5 Ba6 16. Bxa6 Nxa6 17. Qc4 Ndc5 18. b4 exd5 19. exd5 Ne4 20. Nxe4 Qxe4 21. Qxa6 Qxd5 22. Rfd1 Qe4 23. Rd4 Qe7 24. Rad1 f5 25. Qc4 Rad8 26. Rxd8 Rxd8 27. Rxd8+ Qxd8 28. Bd4 Qe7 29. Qc3 Bxd4 30. Qxd4+ Kg8 31. Ne5 c5 32. Qd5+ Kf8 33. bxc5 bxc5 34. Nd7+ 1-0

[Event "Oklahoma State-ch"]
[Site "Stillwater"]
[Date "2008.11.08"]
[Round "2"]
[White "Langer, Mikhail"]
[Black "Braunlich, Tom"]
[Result "1-0"]
[WhiteElo "2269"]
[BlackElo "2167"]
[PlyCount "93"]
[EventDate "2008.11.08"]
[EventType "swiss"]
[EventRounds "5"]
[EventCountry "USA"]
[SourceTitle "CBM 127 Extra"]
[Source "ChessBase"]
[SourceDate "2009.01.08"]
[SourceVersion "2"]
[SourceVersionDate "2009.01.28"]
[SourceQuality "1"]

1. e4 d6 2. d4 Nf6 3. Nc3 e5 4. Nge2 Be7 5. f3 c6 6. Be3 Nbd7 7. Ng3 Nb6 8. Qd2 Be6 9. a4 0-0 10. a5 Nc4 11. Bxc4 Bxc4 12. Nf5 Be6 13. Nxe7+ Qxe7 14. Bg5 Rfe8 15. 0-0 h6 16. Bh4 g5 17. dxe5 dxe5 18. Bg3 Bc4 19. Rfd1 Nh5 20. Qd6 Nxg3 21. hxg3 Qxd6 22. Rxd6 Rad8 23. Rad1 Rxd6 24. Rxd6 Be6 25. a6 bxa6 26. Rxc6 Rb8 27. b3 Rc8 28. Rxc8+ Bxc8 29. Nd5 Kf8 30. Kf2 a5 31. Ke3 Ba6 32. Kd2 h5 33. Nf6 h4 34. gxh4 gxh4 35. Nd7+ Ke7 36. Nxe5 Bf1 37. Ke3 Bxg2 38. Nc6+ Kd6 39. Nxa5 Bf1 40. Kf2 Ba6 41. b4 f5 42. exf5 Ke5 43. Nc6+ Kxf5 44. Nxa7 Kf4 45. Nc6 h3 46. Nd4 Bc4 47. c3 1-0

[Event "US Open-109"]
[Site "Dallas"]
[Date "2008.08.08"]
[Round "7"]
[White "Shen, Victor C"]
[Black "Braunlich, Tom"]
[Result "1/2-1/2"]
[WhiteElo "2118"]
[BlackElo "2169"]
[PlyCount "79"]
[EventDate "2008.08.02"]
[EventType "swiss"]
[EventRounds "9"]
[EventCountry "USA"]
[SourceTitle "CBM 125 Extra"]
[Source "ChessBase"]
[SourceDate "2008.09.01"]
[SourceVersion "1"]
[SourceVersionDate "2008.09.01"]
[SourceQuality "1"]

1. e4 c6 2. Nc3 d5 3. Nf3 Bg4 4. h3 Bxf3 5. Qxf3 e6 6. d3 Nd7 7. a3 g6 8. g3 Bg7 9. Bg2 Ne7 10. 0-0 0-0 11. Qe2 Qb6 12. Kh1 Rae8 13. f4 Kh8 14. Qd2 Qa5 15. b4 Qc7 16. Bb2 dxe4 17. dxe4 Rd8 18. Qe2 a6 19. a4 g5 20. e5 gxf4 21. gxf4 Nf5 22. Ne4 f6 23. Ra3 fxe5 24. Ng5 exf4 25. Qh5 Nf6 26. Bxf6 Bxf6 27. Nxe6 Qe5 28. Nxf4 Rg8 29. Ng6+ Rxg6 30. Rxf5 Qe1+ 31. Rf1 Qxb4 32. Raf3 Rd5 33. Rf5 Rxf5 34. Qxf5 Qd2 35. Be4 Qd8 36. Qf4 Bg5 37. Qf8+ Qxf8 38. Rxf8+ Rg8 39. Rf7 Rg7 40. Rf8+ 1/2-1/2